000 00746nam a2200229Ia 4500
001 2565
003 GE_BSU
008 181216s||||||||xx |||||||||||||| ||und||
020 _a9789994061266
040 _cGE_BSU
080 _a330.322.01
100 _aქოქიაური, ლამარა.
245 _aინვესტიციების თეორიული გენეზისი
245 _cმეცნ–რედ.ლეო ჩიქავა
260 _aთბილისი
260 _bუნივერსალი
260 _c2007
300 _a945 გვ
541 _h25 ლ.
653 _aინვესტიციების თეორიული გენეზისი
942 _cBK
999 _c36645
_d36645